| 000 | 00000nam##2200000za#4500 |
| 001 | 9.604237 |
| 003 | CaOODSP |
| 005 | 20210624211454 |
| 007 | cr ||||||||||| |
| 008 | 150406|2005||||xxc|||||o f|0| 0 fre|d |
| 040 | |aCaOODSP|bfre |
| 043 | |an-cn--- |
| 086 | 1 |aTU3-5/05-49F-PDF |
| 110 | 2 |aBureau de la sécurité des transports du Canada. |
| 245 | 10|aPerte de maîtrise et impact avec le relief du Ryan Aeronautical Navion B C-FTRM à Brantford (Ontario), le 20 novembre 2005 |h[ressource électronique] |
| 260 | |aGatineau - Québec : |bBureau de la sécurité des transports du Canada |c2006. |
| 300 | |a13p.|bphotographies |
| 490 | 1 |aRapport d'enquête aéronautique |vA05O0258 |
| 500 | |a« Le Bureau a autorisé la publication du rapport le 27 septembre 2006 » --p.11. |
| 590 | |a12-33-Supp|b2012-07-18 |
| 775 | 08|tLoss of control - collision with terrain - Ryan Aeronautical Navion B C-FTRM, Brantford, Ontario, 20 November 2005 |w(CaOODSP)9.574493 |
| 830 | #0|aRapport d'enquête aéronautique ;|vA05O0258|w(CaOODSP)9.501229 |
| 856 | 40|ahttp://publications.gc.ca|qPDF|s365 Ko|uhttps://publications.gc.ca/collections/collection_2012/bst-tsb/TU3-5-05-49-fra.pdf|yA05O0258 |